000 00594nam a2200205Ii 4500
003 JO-AjNU
008 230606s9999||||xx |||||||||||||| ||und||
020 _a978-1-292-02580-3/1-292-02580-8
040 _aJO-AjNU
_beng
_erda
_cJO-AjNU
041 _aeng
050 1 4 _aTA177.4.P369.2014
100 3 _aPark, Chan,
_eauthor
_94409
245 0 0 _aContemporary Engineering Economics
264 3 1 _aNew Jersy:pearson,2014
300 _a856p
336 _atext
_btxt
_2rdacontent
337 _aunmediated
_bn
_2rdamedia
338 _avolume
_bnc
_2rdacarrier
650 4 _aEngineering Economics
_94410
999 _aE2290
_c2288
_d2288